| 000 | 00554aam a2200181 a 4500 | ||
|---|---|---|---|
| 001 | 000041395 | ||
| 005 | 20201002034842.0 | ||
| 008 | 131001s1984 sp 000 0 spa d | ||
| 020 | _a9688470945 | ||
| 040 |
_aDO-SdBNP _bspa _cBNPHU |
||
| 082 |
_axxxxx _bxxxxx |
||
| 100 | 1 |
_aCela, Camilo José _968047 |
|
| 245 | 1 | 3 |
_aLa familia de Pascual Duarte / _cCamilo José Cela. |
| 260 |
_aMéxico, : _bSeix Barral, _bOrigen, _c1984. |
||
| 300 |
_a149 p. ; _c20 cm. |
||
| 490 | 1 |
_aObras maestras del Siglo XX _v40 |
|
| 830 | 0 |
_aObras maestras del siglo XX _n40 _968048 |
|
| 999 |
_c40885 _d40885 |
||